01023nam a2200241 a 450000100100000000500170001000800410002702000150006804000250008308200130010824502010012126000580032230000210038049000420040150000420044350400410048570000340052670000280056083000500058804900090063895201170064799900170076400002444420200930023158.0110127s2006 sp a r 000 0 spa d a847908894X aDO-SdBNPbspacBNPHU aNNNbU5401aUn diálogo americano :bmodernismo brasileño y vanguardia uruguaya (1924-1932) /cPablo Rocca y Gênese Andrade editores ; investigación, recopilación y notas de Pablo Rocca ... [et al.]. aAlicante, España :bUniversidad de Alicante,c2006. a345 p. ;c19 cm.1 aCuadernos de América sin nombrev15 aIncluye notas al pie de las páginas aIncluye referencias bibliográficas1 aAndrade, Gêneseeed.9501141 aRocca, Pabloeed.98972 0aCuadernos de América sin nombre ;v1597436 aBNGR 001054708MOaGRbGRcCTd2011-01-27iLF1l0oNNN U54p24444-10r2020-06-25w2020-06-25y4ZPréstamo en sala c23937d23937